Research & Review: Journal of Geriatric Nursing and Health Sciences (Record no. 1895)
[ view plain ]
| 000 -LEADER | |
|---|---|
| Fixed length control field | 00391nas a22001457a 4500 |
| 003 - CONTROL NUMBER IDENTIFIER | |
| Control field | IIN |
| 005 - DATE AND TIME OF LATEST TRANSACTION | |
| Control field | 20260507130601.0 |
| 008 - FIXED-LENGTH DATA ELEMENTS--GENERAL INFORMATION | |
| Fixed length control field | 260507c2019 |||ar|j| |||| 00| 0 eng d |
| 040 ## - CATALOGING SOURCE | |
| Original cataloging agency | IIN |
| 245 ## - TITLE STATEMENT | |
| Title | Research & Review: Journal of Geriatric Nursing and Health Sciences |
| 300 ## - PHYSICAL DESCRIPTION | |
| Page / Vol. No | Vol. 1, No. 1 (Jan. 2019) - |
| 310 ## - CURRENT PUBLICATION FREQUENCY | |
| Current publication frequency | Annual |
| 650 ## - SUBJECT ADDED ENTRY--TOPICAL TERM | |
| Topical term | Geriatric |
| Form subdivision | Research |
| General subdivision | Nursing |
| 942 ## - ADDED ENTRY ELEMENTS (KOHA) | |
| Koha item type | Serials |
No items available.
